000 00412nam a22001337a 4500
005 20260313121514.0
008 260313b |||||||| |||| 00| 0 eng d
040 _cFLL
041 _2eng
_aeng
100 _aDubey, Abhimanyu
_91131928
245 _aBalancing Faith and Law
_bAnalysis of Supreme Court Rulings on Religious Places-Related Issues in India
260 _aDU
_bFaculty of Law
_c2024
942 _2CC
_cDIS
999 _c1715305
_d1715305